000
00234nam a22000977a 4500
008
170123b xxu||||| |||| 00| 0 eng d
041
_a
eng
080
_a
618.2
245
_a
NURSING ISSUES IN THE 21ST CENTURY
_c
HEIN, E.C
942
_2
udc
_c
BK
999
_c
3418
_d
3418